Word Scramble - Harry Potter - Statistics

General Stats
  • This quiz has been taken 2,470 times
  • The average score is 11 of 15
Answer Stats
Scramble Answer % Correct
ALUN Luna
94%
DDUEEBMLOR Dumbledore
93%
YFFDINGROR Gryffindor
91%
IGRAHD Hagrid
91%
BBYOD Dobby
87%
YMLAOF Malfoy
84%
MVTOROLED Voldemort
81%
NEHEMIRO Hermione
77%
KNYWI Winky
77%
DEEYAM ODMOY Mad-Eye Moody
75%
YWSEEAL Weasley
70%
WRANEVLCA Ravenclaw
63%
KSSABILI Basilisk
61%
GWORATSH Hogwarts
57%
GGSNITTOR Gringotts
35%
No matching quizzes found
Score Distribution
Percent of People with Each Score
Percentile by Number Answered
Your Score History
You have not taken this quiz